مكتبة جامعة عجلون الوطنية

فهرس بحث المكتبة

Normal view MARC view
  • اداء العاملين-الكليات الجامعية-جامعة البلقاء

Entry Topical Term

Number of records used in: 1

001 - CONTROL NUMBER

  • control field: 61413

003 - CONTROL NUMBER IDENTIFIER

  • control field: JO-AjAnu

005 - DATE AND TIME OF LATEST TRANSACTION

  • control field: 20230606084032.0

008 - FIXED-LENGTH DATA ELEMENTS

  • fixed length control field: 230606|| aca||aabn | a|a d

040 ## - CATALOGING SOURCE

  • Original cataloging agency: JO-AjAnu
  • Transcribing agency: JO-AjAnu

150 ## - HEADING--TOPICAL TERM

  • Topical term or geographic name entry element: اداء العاملين-الكليات الجامعية-جامعة البلقاء

670 ## - SOURCE DATA FOUND

  • Source citation: Work cat.: (JO-AjAnu)31326: اعداد القضاة، سامية قاسم سلامة؛ اشراف ياسر عيسى المومني, author 61412, أثر مشاركة المعرفة على جودة أداء العاملين بالكليات الجامعية في جامعة البلقاء التطبيقية=The Impact of Knowledge Sharing on Employees' Performance Quality in Al-Balqa Applied University Colleges